Financial access in post-reform India / (Record no. 61047)

MARC details
000 -LEADER
fixed length control field 00905nam a22002537a 4500
005 - DATE AND TIME OF LATEST TRANSACTION
control field 20130708171819.0
010 ## - LCCN (DPL NO)
LC control number ENG-104752
020 ## - INTERNATIONAL STANDARD BOOK NUMBER
International Standard Book Number 9780198076650
Terms of availability 575.00
020 ## - INTERNATIONAL STANDARD BOOK NUMBER
International Standard Book Number 0198076657
Terms of availability 575.00
035 ## - SYSTEM CONTROL NUMBER
System control number EN-88285
035 ## - SYSTEM CONTROL NUMBER
System control number B-491863
037 ## - SOURCE OF ACQUISITION
Source of stock number/acquisition DBAD/PUB
037 ## - SOURCE OF ACQUISITION
Source of stock number/acquisition dpl
Stock number Janvani Prakashan/Ven
082 ## - DEWEY DECIMAL CLASSIFICATION NUMBER
Classification number 338.954
100 ## - MAIN ENTRY--PERSONAL NAME
Personal name Bhavani, T.A.
245 ## - TITLE STATEMENT
Title Financial access in post-reform India /
Statement of responsibility, etc by T.A. Bhavani [and] N.R. Bhanumurthy
260 ## - PUBLICATION, DISTRIBUTION, ETC. (IMPRINT)
Place of publication, distribution, etc New Delhi
Name of publisher, distributor, etc Oxford University Press
Date of publication, distribution, etc 2012
270 ## - ADDRESS
Address YMCA Library Building, 1 Jai Singh Road
City New Delhi
Postal code 110001
300 ## - PHYSICAL DESCRIPTION
Extent xvi,176p.
Dimensions 23cm(Hb)
500 ## - GENERAL NOTE
General note Includes bibliographical references and index
700 ## - ADDED ENTRY--PERSONAL NAME
Personal name Bhanumurthy, N.R.
9 (RLIN) 39374
942 ## - ADDED ENTRY ELEMENTS (KOHA)
Source of classification or shelving scheme Dewey Decimal Classification
Item type English Books
Call number suffix BHA
Classification part 338.954
Holdings
Withdrawn status Lost status Not for loan Collection code Home library Current library Date acquired Source of acquisition Cost, normal purchase price Full call number Barcode Copy number Cost, replacement price Koha item type
      Non-fiction Central Library Central Library 08/07/2013 Janvani/6152/1/14.01.2013//119/18.12.2012/18.01.2013 575.00 338.954 BHA B-491863 1 575.00 English Books
    Not For Loan Non-fiction D.B.Act.Division D.B.Act.Division 17/01/2012 DBAD/PUB 575.00 338.954 BHA EN-88285 1 575.00 English Books

© Delhi Public Library
Hit Counter
free hit counter